Statistics for Stardew Valley - Animals

Click here to take the quiz!

General Stats

  • This quiz has been taken 167 times
    (160 since last reset)
  • The average score is 41 of 107

Answer Stats

Animals% Correct
Brown Chicken
97%
Brown Cow
97%
White Chicken
97%
White Cow
97%
Pig
89%
Rabbit
87%
Goat
79%
Cat
77%
Dog
76%
Duck
75%
Sheep
75%
Dinosaur
74%
Blue Chicken
69%
Ostrich
62%
Void Chicken
61%
Parrot
57%
Eel
56%
Carp
53%
Horse
53%
Frog
51%
Squid
51%
Tuna
50%
Crab
49%
Salmon
48%
Largemouth Bass
47%
Smallmouth Bass
47%
Catfish
45%
Blobfish
44%
Lava Eel
44%
Octopus
44%
Pufferfish
43%
Sardine
43%
Legend
42%
Rainbow Trout
42%
Sea Cucumber
42%
Sandfish
41%
Lobster
40%
Sturgeon
40%
Clam
39%
Ghostfish
39%
Angler
38%
Red Snapper
38%
Super Cucumber
38%
Anchovy
37%
Midnight Carp
37%
Snail
37%
Bear
36%
Chub
36%
Crow
36%
Trash Bear
36%
Woodskip
36%
Bream
34%
Oyster
34%
Squirrel
34%
Golden Chicken
33%
Glacierfish
32%
Mussel
32%
Mutant Carp
32%
Stonefish
31%
Sunfish
31%
Ice Pip
30%
Midnight Squid
30%
Tilapia
29%
Void Salmon
29%
Albacore
28%
Coral
28%
Crayfish
28%
Red Mullet
28%
Hat Mouse
27%
Pike
27%
Sea Urchin
27%
Butterfly
26%
Flounder
26%
Shad
26%
Shrimp
26%
Halibut
25%
Moonlight Jellyfish
25%
Owl
25%
Tiger Trout
25%
Worm
25%
Crimsonfish
24%
Periwinkle
24%
Stingray
24%
Dorado
23%
Herring
23%
Lionfish
23%
Seagull
23%
Walleye
23%
Bullhead
21%
Spook Fish
21%
Camel
20%
Hamster
20%
Blue Discus
19%
Cockle
19%
Scorpion Carp
19%
Slimejack
19%
Legend II
18%
Ms. Angler
18%
Perch
18%
Glacierfish Jr
17%
Radioactive Carp
16%
Lingcod
15%
Son of Crimsonfish
13%
Fruit Bat
8%
Gem Bird
8%
Firefly
7%
Lizard
6%

Score Distribution

Percentile by Number Answered

Percent of People with Each Score

Your Score History

You have not taken this quiz since the last reset